000 00532nam a2200241 a 4500
001 nice12345678
003 IN_TiNIC
005 20260116011901.0
008 050524s1965 a grp 000 0 urd
020 _a
_c3
082 0 0 _a891.41
_bATI
100 _aAtiq, Atiq Ahmed
245 _aNur-E-Farda
260 _a
_b
_c1965
300 _a88p
500 _aincludes index and biblioraphy
505 2 _aillustrated
650 _aUrdu-Poetry
700 1 _aAtiq, Atiq Ahmed
902 _bSRS
942 _cBK
999 _c4699
_d4699